Представление документа в формате MARC21

Поле Инд. ПП Название Значение
Тип записи a
Библиографический уровень m
001 Контрольный номер RU/LIBMSTU/337879425
005 Дата корректировки 20161206125750.1
008 Кодируемые данные 100915|||||||||ru |||||||||||000|||rus||
020 00 a ISBN 978-5-86185-532-7 (ч. 2)
020 a ISBN 978-5-86185-530-3
c Цена, тираж 356-56
041 0_ a Код языка текста rus
084 a Индекс другой классификации/Индекс ББК 36.94я7+36.94-1
090 a Полочн. индекс 36.94
x Авторский знак О-35
100 10 a Автор Овчинникова С. И.
245 00 a Заглавие Практикум по биохимии. Ч. 2. Качественный и количественный анализ липидов, углеводов, витаминов
b Продолж. заглавия учеб. пособие для вузов
c Ответственность Федер. агентство по рыболовству, ФГОУ ВПО "Мурман. гос. техн. ун-т"
250 a Основные сведения об издании Изд. 2-е
260 00 a Место издания Мурманск
b Издательство МГТУ
c Дата издания 2010
300 00 a Объем 125 с.
b Иллюстрации/ тип воспроизводства ил.
504 a Библиография Библиогр.: с. 122
583 x Служебное примечание Технология продуктов питания. ВПО
x Служебное примечание Технология рыбы и рыбных продуктов. ВПО
650 _4 a Основная рубрика Биохимия-Учебные издания для высших учебных заведений
650 14 a Основная рубрика Рыба и рыбные продукты-Химический состав-Учебные издания для высших учебных заведений
653 00 a Ключевые слова Биохимия
a Ключевые слова Витамины
a Ключевые слова Жиры
a Ключевые слова Липиды
a Ключевые слова Рыбы
a Ключевые слова Технология рыбных продуктов
a Ключевые слова Углеводы
653 1_ a Ключевые слова Биологическая химия
710 12 a Организация/ юрисдикция Мурманский государственный технический университет
901 t Тип документа m
952 b Гриф литературы для ВШ Утверждено Президиумом науч.-метод. совета по высш. биол. образованию
c Вид литературы учебное пособие